000 01181cam a2200337 i 4500
001 25428
003 Mx-PuUPA
005 20251002112031.0
008 140415s2008 vc fr 001 0 ita d
020 _a9788820978808
040 _cMx-PuUPA
_aMx-PuUPA
_bspa
_dMx-PuUPA
_erda
041 0 _aita
245 _aFede, cultura e scienza :
_ca cura di Mauro Mantovani e Marilena Amerise ; con la collaborazione di Tomasz Trafny
246 1 4 _aFede, cultua e scienza :
_bdiscipline in dialogo
264 1 _aCittà del Vaticano :
_bLibreria Editrice Vaticana,
_c©2008
300 _a519 páginas ;
_c24 cm
336 _2rdacontent
_atexto
_btxt
337 _2rdamedia
_asin medio
_bn
338 _2rdacarrier
_avolumen
_bnc
490 0 _aThe STOQ project research series ;
_v5
650 7 _2armarc
_aFilosofía y religión
650 7 _2armarc
_aReligión y ciencia
650 7 _2armarc
_aReligión y cultura
700 1 _aMantovani, Mauro,
_deditor
700 1 _aAmerise, Marilena,
_deditor
700 1 _aTrafny, Tomasz,
_dcolaborador
942 _2ddc
_cLI
_h201.65
_iF22
999 _c25428
_d25428